01054nam a2200217 i 4500001000700000003000900007005001700016008004100033100003700074245027400111260006300385300002200448504003100470650004200501650003200543700003700575710006000612852002200672999001900694952012300713189903ES-MaACL20250728095943.0191223s1996 sp |||| | spa d1 aDíez Gómez, Paulino.916923414aLas tecnologías agrarias y su incidencia en el medio natural b: discurso leído en la sesión del día 5 de junio de 1996 para su ingreso como académico de número / cpor el Doctor Paulino Díez Gómez [y contestación por el Dr. Mariano Illera Martín ]. aMadrid : bReal Academia de Ciencias Veterinarias, c1996. a110 p. ; c26 cm. aBibliografía: p. 97-101. 7aTécnicas agrícolas2embne9155853 4aResiduos ganaderos.91692351 aIllera Martín, Mariano.9651912 aReal Academia de Ciencias Veterinarias de Madrid.96300 aES-MaACLjL-32486 c189903d189903 00104070aATENEOMbATENEOMcDEPO2d2019-12-23eDONl0oL-32486p1201437r2023-02-23 00:00:00w2023-02-23yMONOGRAFIA